Disertacion teólogico-jurídica en defensa del precepto que obliga á todos los fieles cristianos á pagar diezmos y primicias á la Iglesia de Dios, y del derecho de propiedad que el Clero Secular y Regular tiene en los bienes de sus Iglesias y Monasterios, y de la notoria justicia que le asiste, á que el Gobierno le ampare y conserve en posesion de ellos .. (Record no. 172261)

MARC details
000 -LEADER
campo de control de longitud fija 00935nam a22001695i 4500
001 - NÚMERO DE CONTROL
campo de control 172261
003 - IDENTIFICADOR DE NÚMERO DE CONTROL
campo de control ES-MaACL
005 - FECHA Y HORA DE LA ÚLTIMA TRANSACCIÓN
campo de control 20230906214844.0
008 - DATOS DE LONGITUD FIJA--INFORMACIÓN GENERAL
campo de control de longitud fija 090622s1997 sp |||| | spa d
080 ## - NÚMERO DE LA CLASIFICACIÓN DECIMAL UNIVERSAL
Número de la Clasificación Decimal Universal 241.74
100 1# - ENTRADA PRINCIPAL--NOMBRE DE PERSONA
Nombre de persona Herrezuelo, Miguel.
9 (RLIN) 140807
245 10 - MENCIÓN DEL TÍTULO
Título Disertacion teólogico-jurídica en defensa del precepto que obliga á todos los fieles cristianos á pagar diezmos y primicias á la Iglesia de Dios, y del derecho de propiedad que el Clero Secular y Regular tiene en los bienes de sus Iglesias y Monasterios, y de la notoria justicia que le asiste, á que el Gobierno le ampare y conserve en posesion de ellos ..
Resto del título : dirigida en una exposicion respetuosa á S.M. (que Dios guarde) y á las Córtes ... /
Mención de responsabilidad, etc. por don MIguel Herrezuelo...
260 ## - PUBLICACIÓN, DISTRIBUCIÓN, ETC.
Lugar de publicación, distribución, etc. Valencia :
Nombre del editor, distribuidor, etc. Librerias "París-Valencia",
Fecha de publicación, distribución, etc. 1997.
300 ## - DESCRIPCIÓN FÍSICA
Extensión 30 p. ;
Dimensiones 22 cm.
650 #4 - PUNTO DE ACCESO ADICIONAL DE MATERIA--TÉRMINO DE MATERIA
Término de materia o nombre geográfico como elemento de entrada Diezmos-
Subdivisión geográfica España.
9 (RLIN) 11885
852 ## - LOCALIZACIÓN
Ubicación ES-MaACL
Número de control de estantería 2251-F-2
itemnumber R.126289
Holdings
Estatus retirado Estado de pérdida Estado de daño No para préstamo Colección Biblioteca de origen Biblioteca actual Ubicación en estantería Fecha de adquisición Fuente de adquisición Total de préstamos Signatura topográfica completa Código de barras Visto por última vez Precio de reemplazo Tipo de ítem Koha
        Colección de folletos Biblioteca del Ateneo de Madrid Biblioteca del Ateneo de Madrid Depósito folletos 22/06/2009     2251-F-2 1180776 23/02/2023 23/02/2023 Folleto